00386nam a2200145Ia 4500008004100000020001700041082001700058100002100075245005800096250000800154260002500162300001400187500002400201650001500225230524s9999 xx 000 0 und d a978007007935 a658.409bCHA aPrasanna Chandra 0a"Projects ? Planning, Analysis, Selection, Financing" a7TH aNEW DELHIbTMHc2009 aXXI;20.17 aQuantity Number: 9 aManagement